000 00643nam a22002297a 4500
003 OSt
005 20210421060640.0
008 201215s1978 ||||| |||| 00| 0 eng d
020 _a0894370219
040 _aeng
_beng
_cDLC
_deng
041 _aeng
080 _a821.111
_bE-42
100 _9496
_aEklund, Gordon
245 _aLord Tedric
_c/ by: Baronet Publishing Company
260 _aNew York
_bBaronet Publishing Company
_c1978
300 _a221 p.
365 _b3.46 usd
650 0 _9247
_aEnglish literature
653 _aინგლისური ლიტერატურა
700 _9497
_aSmith, E. E. Doc
942 _2udc
_cBK
999 _c631
_d631